MARC details
| 000 -CABECERA |
| campo de control de longitud fija |
04140nam a2200457 a 4500 |
| 003 - IDENTIFICADOR DEL NÚMERO DE CONTROL |
| campo de control |
CHAP |
| 005 - FECHA Y HORA DE LA ÚLTIMA TRANSACCIÓN |
| campo de control |
20250910135431.0 |
| 007 - CAMPO FIJO DE DESCRIPCIÓN FÍSICA--INFORMACIÓN GENERAL |
| campo de control de longitud fija |
ta |
| 008 - DATOS DE LONGITUD FIJA--INFORMACIÓN GENERAL |
| campo de control de longitud fija |
220117s1996xx mx a frm000 0 1n0 spa d |
| 010 ## - NÚMERO DE CONTROL DE LA BIBLIOTECA DEL CONGRESO |
| Número de control de LC |
185222 |
| 040 ## - FUENTE DE LA CATALOGACIÓN |
| Centro/agencia transcriptor |
mxchpua |
| Centro catalogador/agencia de origen |
CHAP |
| Normas de descripción |
rda |
| 041 0# - CÓDIGO DE LENGUA |
| Código de lengua del texto/banda sonora o título independiente |
spa |
| Código de lengua del sumario o resumen |
eng |
| 090 ## - LOCALMENTE ASIGNADO TIPO-LC NÚMERO DE CLASIFICACIÓN (OCLC); NÚMERO DE CLASIFICACIÓN LOCAL (RLIN) |
| Número de clasificación (OCLC) (R) ; Numero de clasificación, CALL (RLIN) (NR) |
Tesis |
| Número cutter local (OCLC) ; Número de libro/Signatura topográfica íntegra, CALL (RLIN) |
L362 |
| año |
1996 |
| 100 1# - ENTRADA PRINCIPAL--NOMBRE DE PERSONA |
| Nombre de persona |
Landa Luna, Leonardo |
| 245 10 - MENCIÓN DE TÍTULO |
| Título |
Evaluación de cuatro subproductos agrícolas cultivados con hongos del género Pleurotus para su posible uso en alimentación de rumiantes / |
| Mención de responsabilidad, etc. |
Leonardo Landa Luna |
| 264 ## - PRODUCCIÓN, PUBLICACIÓN, DISTRIBUCIÓN, FABRICACIÓN Y COPYRIGHT |
| Producción, publicación, distribución, fabricación y copyright |
Chapingo, México : |
| Nombre del de productor, editor, distribuidor, fabricante |
El autor, |
| Fecha de producción, publicación, distribución, fabricación o copyright |
1996 |
| 300 ## - DESCRIPCIÓN FÍSICA |
| Extensión |
iii, 80 hojas : |
| Otras características físicas |
ilustraciones, tablas |
| 336 ## - TIPO DE CONTENIDO |
| Fuente |
rdacontent |
| Término de tipo de contenido |
texto |
| Código de tipo de contenido |
txt |
| 337 ## - TIPO DE MEDIO |
| Fuente |
rdamedia |
| Nombre/término del tipo de medio |
no mediado |
| Código del tipo de medio |
n |
| 338 ## - TIPO DE SOPORTE |
| Fuente |
rdacarrier |
| Nombre/término del tipo de soporte |
volumen |
| Código del tipo de soporte |
nc |
| 502 ## - NOTA DE TESIS |
| Nota de tesis |
Tesis |
| Tipo de título |
(Ingeniero Agroindustrial) -- |
| Nombre de la institución que otorga el título |
UACh. Departamento de Ingeniería Agroindustrial, |
| Año de obtención del título |
1996 |
| 504 ## - NOTA DE BIBLIOGRAFÍA, ETC. |
| Nota de bibliografía, etc. |
Bibliografía: hojas 68-80 |
| 520 3# - SUMARIO, ETC. |
| Sumario, etc. |
Dada la poca utilización de los esquilmos agrícolas, éstos pueden emplearse en la alimentación de rumiantes usándolos como sustrato en el cultivo de hongos Pleurotus para mejorar el valor nutricional de los esquilmos. El objetivo de este trabajo fue determinar el valor nutricional de diferentes esquilmos agrícolas tratados con Pleurotus, como alimento para rumiantes. Se utilizó paja de trigo, paja de cebada y rastrojo de maíz que fueron usados en el cultivo de Pleurotus; a estos esquilmos se les determinó: humedad, cenizas, proteína cruda, fibra detergente neutro (FDN), fibra detergente ácido (FDA), lignina, sílice, digestibilidad in vitro de la materia seca (DIVS) y energía bruta. El contenido de humedad se incrementó significativamente en la paja de trigo las cenizas aumentaron significativamente en los tratada. subproductos tratados. El contenido de proteína cruda se incrementó en las pajas tratadas con Pleurotus ostreatus. La FDN disminuyó significativamente en la paja de trigo tratada con Pleurotus sajor caju. La energía disminuyó en todos los subproductos tratados, tanto que la lignina disminuyó significativamente en paja de cebada tratada con Pleurotus ostreatus. Pleurotus sajor caju incrementó la en DIVMS en paja de trigo. Se concluye que el cultivo de Pleurotus incrementó el contenido de proteína cruda en todas las pajas; sin embargo, el contenido de lignina solamente disminuyó en la paja de cebada tratada con Pleurotus ostreatus. -- |
| 520 3# - SUMARIO, ETC. |
| Sumario, etc. |
The objective of the present study was to evaluate the nutritive value of various straWS after harvesting of edible mushroom. Wheat straw, barley straw and maize straw were analysed for: moisture, ash, protein crude, neutro detergent fiber (NDF), acid detergent fiber (ADF), lignin, silica, in vitro dry matter digestibilty ( IVDMD) and gross energy. Moisture content increased significantly in treated straw. Ash content increased significantly straws in all treated straws. Crude protein percentage was higher in treated with Pleurotus ostratus. NDF diminished significantly in wheat straw treated with Pleurotus sajor caju. Gross energy Was lower in all treated straws. Lignin content diminished significantly in barley straw cultivated with Pleurotus ostreatus, while Pleurotus sajor caju increased the IVDMD in wheat straW. It is Concluded that growth of Pleurotus increased Crude protein content in all the straws analysed, however lignin content was lower only when Pleurotus ostreatus was grown on barley straw. |
| 650 13 - PUNTO DE ACCESO ADICIONAL DE MATERIA--TÉRMINO DE MATERIA |
| Término de materia o nombre geográfico como elemento de entrada |
Composición de piensos |
| Fuente del encabezamiento o término |
atg |
| Subdivisión general |
Aprovechamiento de desechos |
| 650 13 - PUNTO DE ACCESO ADICIONAL DE MATERIA--TÉRMINO DE MATERIA |
| Término de materia o nombre geográfico como elemento de entrada |
Cultivo de hongos |
| Fuente del encabezamiento o término |
atg |
| 650 13 - PUNTO DE ACCESO ADICIONAL DE MATERIA--TÉRMINO DE MATERIA |
| Término de materia o nombre geográfico como elemento de entrada |
Paja de cebada |
| Fuente del encabezamiento o término |
atg |
| 650 13 - PUNTO DE ACCESO ADICIONAL DE MATERIA--TÉRMINO DE MATERIA |
| Término de materia o nombre geográfico como elemento de entrada |
Paja de Trigo |
| 650 13 - PUNTO DE ACCESO ADICIONAL DE MATERIA--TÉRMINO DE MATERIA |
| Término de materia o nombre geográfico como elemento de entrada |
Cubrimiento del suelo con rastrojo |
| Fuente del encabezamiento o término |
atg |
| 650 13 - PUNTO DE ACCESO ADICIONAL DE MATERIA--TÉRMINO DE MATERIA |
| Término de materia o nombre geográfico como elemento de entrada |
Fungal culture |
| Fuente del encabezamiento o término |
atg |
| 650 13 - PUNTO DE ACCESO ADICIONAL DE MATERIA--TÉRMINO DE MATERIA |
| Término de materia o nombre geográfico como elemento de entrada |
Feed composition |
| Fuente del encabezamiento o término |
atg |
| Subdivisión general |
Waste utilization |
| 650 13 - PUNTO DE ACCESO ADICIONAL DE MATERIA--TÉRMINO DE MATERIA |
| Término de materia o nombre geográfico como elemento de entrada |
Stubble mulching |
| Fuente del encabezamiento o término |
atg |
| 650 13 - PUNTO DE ACCESO ADICIONAL DE MATERIA--TÉRMINO DE MATERIA |
| Término de materia o nombre geográfico como elemento de entrada |
Barley straw |
| Fuente del encabezamiento o término |
atg |
| 650 13 - PUNTO DE ACCESO ADICIONAL DE MATERIA--TÉRMINO DE MATERIA |
| Término de materia o nombre geográfico como elemento de entrada |
Wheat straw |
| Fuente del encabezamiento o término |
atg |
| 700 1# - PUNTO DE ACCESO ADICIONAL--NOMBRE DE PERSONA |
| Nombre de persona |
Ortega Cerrilla, María Esther |
| Término indicativo de función/relación |
directora |
| 700 1# - PUNTO DE ACCESO ADICIONAL--NOMBRE DE PERSONA |
| Nombre de persona |
Esparza Torres, Félix |
| Término indicativo de función/relación |
asesor |
| 700 1# - PUNTO DE ACCESO ADICIONAL--NOMBRE DE PERSONA |
| Nombre de persona |
Martínez Romero, Salvador |
| Término indicativo de función/relación |
asesor |
| 901 ## - ELEMENTOS DE DATOS A LOCAL LDA (RLIN) |
| a |
TESIS L362 1996 |
| 942 ## - ELEMENTOS DE PUNTO DE ACCESO ADICIONAL (KOHA) |
| Fuente del sistema de clasificación o colocación |
local |
| Tipo de ítem Koha |
Clasificación Universidad Autónoma Chapingo |